| 000 | 01106cab a2200313 4500 | ||
|---|---|---|---|
| 001 | ABS46420 | ||
| 008 | 090401t1992 xxu||||| |||| 00| 0 eng d | ||
| 035 | _a(Sirsi) u58131 | ||
| 041 | _aeng | ||
| 100 | _aBurns, A. | ||
| 245 | _aLandlord`s entitlement to forfeiture examined | ||
| 260 | _c1992 | ||
| 350 | _a0 | ||
| 490 |
_aChartered Surveyor Weekly _v39(7) 14 May 1992, 56-57(2) |
||
| 520 | _aThe case "Iperion Investments Corporation v Broadwalk House Residents Ltd" raised the issue of landlords` entitlement to forfeit leases, and the right to waive it. This article analyses the proceedings implications on this matter. | ||
| 650 | _aBREACH OF COVENANT | ||
| 650 | _aCENTRAL ESTATES (BELGRAVIA) LTD V WOOLGAR | ||
| 650 | _aFORFEITURE | ||
| 650 | _aLAW OF PROPERTY ACT 1925 | ||
| 650 | _aLEASES | ||
| 650 | _aMATTHEWS V SMALLWOOD | ||
| 650 | _aPEACEABLE RE-ENTRY | ||
| 650 | _aRELIEF FROM FORFEITURE | ||
| 650 | _aSCARF V JARDINE | ||
| 650 | _aIPERION INVESTMENTS V BROADWALK HOUSE RESIDENTS | ||
| 690 | _aPROPERTY-LANDLORD AND TENANT | ||
| 942 | _n0 | ||
| 948 | _c04/03/1997 | ||
| 999 |
_c35464 _d35464 |
||